|
|
|
|
| LEADER |
00000nam0a2200000 4500 |
| 001 |
124431 |
| 005 |
20250513113055.0 |
| 035 |
|
|
|a (RuTPU)RU\TPU\book\134663
|
| 090 |
|
|
|a 124431
|
| 100 |
|
|
|a 20071101d1980 m y0rusy50 ca
|
| 101 |
0 |
|
|a rus
|
| 102 |
|
|
|a RU
|
| 105 |
|
|
|a a g 000zy
|
| 200 |
1 |
|
|a Олимпиада - 80. День за днем
|f сост. С. Н. Кружков
|
| 210 |
|
|
|a Москва
|c Физкультура и спорт
|d 1980
|
| 215 |
|
|
|a 303 с.
|c ил.
|
| 330 |
|
|
|a Справочное издание "Олимпиада - 80"содержит подробное расписание соревнований Игр XXII Олимпиады, рассказ обо всех номерах программы Олимпиады и другой информационно-справочный материал. Книга предназначена для массового читателя.
|
| 333 |
|
|
|a Исключено из фонда НТБ ТПУ
|
| 610 |
1 |
|
|a спорт
|
| 610 |
1 |
|
|a олимпиады
|
| 610 |
1 |
|
|a Олимпийские игры
|
| 610 |
1 |
|
|a олимпийское движение
|
| 610 |
1 |
|
|a Московская олимпиада
|
| 610 |
1 |
|
|a расписание
|
| 610 |
1 |
|
|a соревнования
|
| 610 |
1 |
|
|a виды спорта
|
| 610 |
1 |
|
|a справочные издания
|
| 675 |
|
|
|a 79
|v 3
|
| 702 |
|
1 |
|a Кружков
|b С. Н.
|g Сергей Николаевич
|4 220
|
| 801 |
|
1 |
|a RU
|b 63413507
|c 20071101
|g PSBO
|
| 850 |
|
|
|a 63413507
|
| 942 |
|
|
|c BK
|